Guess The Greek God by Their Roman Variant - Statistics

General Stats
  • This quiz has been taken 16 times
    15 since last reset
  • The average score is 16 of 17
Answer Stats
Question Answer % Correct
Aeolus Aeolus
100%
Mars Ares
100%
Diana Artemis
100%
Minerva Athena
100%
Venus Aphrodite
93%
Apollo Apollo
93%
Bacchus Dionysus
93%
Pluto Hades
93%
Vulcan Hephaestus
93%
Juno Hera
93%
Mercury Hermes
93%
Neptune Poseidon
93%
Jupiter Zeus
93%
Saturn Cronus/Kronos
86%
Terra/Tellus Gaea/Gaia
86%
Ceres Demeter
79%
Vesta Hestia
79%
No matching quizzes found
Score Distribution
Percent of People with Each Score
Percentile by Number Answered
Your Score History
You have not taken this quiz since the last reset